香川県の戦前市制・町制 - Statistics

General Stats
  • This quiz has been taken 105 times
  • The average score is 17 of 27
Answer Stats
施行日 施行内容 所属郡 回答 % Correct
1890.06.13 市制 (市) 高松市
100%
1890.06.13 町制 那珂郡 丸亀町
96%
1890.06.13 町制 綾歌郡 坂出町
93%
1890.06.13 町制 多度郡 多度津町
93%
1890.06.13 町制 豊田郡 観音寺町
91%
1899.04.01 市制 (市) 丸亀市
91%
1898.02.11 町制 鵜足郡 宇多津町
89%
1942.07.01 市制 (市) 坂出市
87%
1901.11.03 町制 仲多度郡 善通寺町
84%
1898.02.11 町制 小豆郡 土庄町
82%
1890.06.13 町制 那珂郡 琴平町
80%
1898.02.11 町制 寒川郡 志度町
67%
1898.02.11 町制 豊田郡 豊浜町
67%
1909.10.01 町制 大川郡 引田町
67%
1898.02.11 町制 寒川郡 津田町
62%
1942.04.15 町制 三豊郡 詫間町
60%
1915.11.10 町制 大川郡 長尾町
49%
1915.02.11 町制 香川郡 香西町
47%
1910.01.01 町制 大川郡 白鳥本町
44%
1933.04.01 町制 木田郡 屋島町
44%
1929.05.05 町制 小豆郡 池田町
42%
1919.04.01 町制 木田郡 平井町
36%
1924.04.01 町制 三豊郡 仁尾町
36%
1898.02.11 町制 大内郡 三本松町
31%
1898.02.11 町制 香川郡 仏生山町
31%
1917.01.01 町制 小豆郡 草壁町
29%
1922.04.01 町制 木田郡 川島町
22%
No matching quizzes found
Score Distribution
Percent of People with Each Score
Percentile by Number Answered
Your Score History
You have not taken this quiz